Data dictionary/directory systems : administration, implementation, and usage /

Bibliographic Details
Main Author: Leong-Hong, Belkis
Other Authors: Plagman, Bernard K.
Format: Book
Language:English
Published: New York : Wiley, [1982]
Subjects:

MARC

Tag First Indicator Second Indicator Subfields
LEADER 00000pam a2200000 a 4500
001 in00000096090
005 20150923173945.0
008 811201s1982 nyua b 00110 eng
010 |a  81021875  
020 |a 0471051640 
035 |a (OCoLC)08034961 
035 |9 AAK8482AM 
039 0 |a 2  |b 3  |c 3  |d 3  |e 3 
040 |a DLC  |c DLC  |d TXA  |d UtOrBLW 
049 |a TXAM  |c [985805] 
050 0 0 |a QA76.9 D3  |b  L46 1982 
082 0 |a 001.64  |2 19 
100 1 |a Leong-Hong, Belkis. 
245 1 0 |a Data dictionary/directory systems :  |b administration, implementation, and usage /  |c Belkis W. Leong-Hong, Bernard K. Plagman. 
264 1 |a New York :  |b Wiley,  |c [1982] 
264 4 |c ©1982 
300 |a xviii, 328 pages :  |b illustrations ;  |c 24 cm. 
336 |a text  |b txt  |2 rdacontent 
337 |a unmediated  |b n  |2 rdamedia 
338 |a volume  |b nc  |2 rdacarrier 
500 |a "A Wiley-Interscience publication." 
504 |a Includes bibliographies and index. 
650 0 |a Database management. 
650 0 |a Data dictionaries. 
700 1 |a Plagman, Bernard K. 
999 |a MARS 
999 f f |s 856028ab-4168-36cf-aecc-2da3a91604e6  |i 4c3433b8-c055-317f-8fd2-30dfa6ecffde  |t 0 
952 f f |p ric  |a Texas A&M University  |b Rellis Campus  |c Joint Library Facility  |d Remote Storage  |t 0  |e QA76.9 D3 L46 1982  |h Library of Congress classification  |i unmediated -- volume  |m A14806034135 
998 f f |a QA76.9 D3 L46 1982  |t 0  |l Remote Storage